Sports Quiz

Random Sports or Clickable Quiz

NBA Same Last Name Trios 2 Quiz Stats

Quiz Updated Jun 14, 2017

Challenge
Share
Tweet
Embed
Score 0/30 Timer 06:00
4 Plays Today
% Correct
James
90.9%
Thomas
89.2%
Anthony
89.1%
Howard
88.8%
Malone
88.2%
Walker
86.4%
Griffin
85.9%
Parker
84.9%
Miller
82.8%
Crawford
80.1%
Bradley
80%
Gordon
79.2%
Robinson
77.8%
Barry
77.3%
Brown
76%
% Correct
Evans
73.9%
Hayes
72.6%
Jones
69%
Sampson
58.1%
Lewis
56.7%
Clark
56.5%
Harrington
55.1%
Price
54.3%
Wright
54.2%
White
47%
Daniels
42%
Carr
38.7%
Drew
36.9%
Alexander
34.9%
Spencer
28%

You're not logged in!

Compare scores with friends on all Sporcle quizzes.
Join for Free
OR
Log In

You Might Also Like...

Show Comments

Extras

Top Quizzes Today


Score Distribution

Your Account Isn't Verified!

In order to create a playlist on Sporcle, you need to verify the email address you used during registration. Go to your Sporcle Settings to finish the process.

Report this User

Report this user for behavior that violates our Community Guidelines.

Details: